000
00311nam a2200133Ia 4500
100
_a
Langsdore/A.S
942
_c
BK
654
_a
current
245
_a
Theory of Alternating current machinery
260
_b
Tata Mc Graw hill
_a
New Delhi
_c
1987
082
_a
621.3133
_b
LAN
300
_a
1987
546
_a
ENGLISH
999
_c
20513
_d
20513